000 00583nam a22002177a 4500
003 UA-OsUOA
001 100519
007 ta
008 20130528b un ||||| |||| 00| 0 ukr d
100 _aЛазебник Л.
090 _a330(477)
_bЛ17
942 _cSA
040 _aUA-OsUOA
_bukr
_cUA-OsUOA
_dUA-OsUOA
245 _aУправління ризиками міжнародних розрахунків у банку
300 _aС.44-55
955 _a0
041 _aukr
080 _a330(477)
773 0 _w100513
650 7 _a330 Економіка взагалі
_2UDC
999 _c387160
_d387160